Clickable Country Names in Other Languages Quiz Stats

Quiz Updated Dec 24, 2015

Challenge
Share
Tweet
Embed
Score 0/50 Timer 12:00
1 Play Today
% Correct
Cambodge
94.1%
San Cristóbal y Nieves
92.1%
Άγιος Θωμάς και Πρίγκιπας (Ágios Thomás kai Prígkipas)
82.6%
Tyrkiet
82.5%
الهند (al-Hind)
81.8%
Саудовская Аравия (Saudovskaya Araviya)
80%
룩셈부르크 (Ruksemburŭk'ŭ)
76.6%
日本 (Rìběn)
72.4%
ラトビア(Ratobia)
71.8%
Shtetet e Bashkuara të Amerikës
71.6%
Šalamúnove ostrovy
71.4%
Giordania
70.4%
Oekraïne
68.7%
थाइल्याण्ड (Thaailyaand)
68.1%
l-Afrika t'Isfel
65.2%
Förenade Arabemiraten
64.9%
תּימן (Teymen)
62.8%
Južna Koreja
62.3%
คีร์กีซ (Khīrkīt)
59.6%
an Iodáil
59.3%
Tsjaad
58.2%
Паўночная Карэя (Paŭnochnaia Karėia)
58%
Cazaquistão
56.4%
Grænhöfðaeyjar
55.9%
Gwlad Pwyl
55.8%
% Correct
Uusi-Seelanti
55.5%
Švýcarsko
53.9%
Ямайка (Yamayka)
53.4%
Сејшели (Sejšeli)
53.2%
Marŝaloj
50.1%
Сполучене Королівство (Spolučene Korolivstvo)
49.9%
צרפת (Tsarfat)
48.6%
Errumania
47.9%
Nirribhidh
42.5%
Països Baixos
38.6%
Lusitania
36.6%
Elefántcsontpart
34.1%
Panuatsu
29.3%
Phần Lan
29.1%
Węgry
22.3%
Հունաստան (Hunastan)
19%
Балба (Balba)
18.7%
Çernoqoriya
18.4%
Kitajska
18.1%
Mesir
15.4%
Fas
15.2%
Horowinia
12.8%
Krievija
12.2%
Vokietija
10.4%
Valgevene
9%

You're not logged in!

Compare scores with friends on all Sporcle quizzes.
Sign Up with Email
OR
Log In

You Might Also Like...

Show Comments

Extras

Top Quizzes Today


Score Distribution

Your Account Isn't Verified!

In order to create a playlist on Sporcle, you need to verify the email address you used during registration. Go to your Sporcle Settings to finish the process.